000 00605cab a2200229 4500
001 X981
008 090401t1993 xxu||||| |||| 00| 0 eng d
035 _a(Sirsi) u68514
041 _aeng
245 _aRoad closure `facility` for mineral permission
260 _c1993
350 _a0
490 _aEstates Gazette
_v(9334) 28 August 1993, 33(1)
650 _aMINERAL EXTRACTION
650 _aPLANNING PERMISSION
650 _aROAD CLOSURES
650 _aVASILIOU V SOS TRANSPORT
690 _aMINING AND MINERALS
690 _aPLANNING LAW AND PRACTICE
942 _n0
948 _c04/03/1997
999 _c42987
_d42987